000
00305nam a2200121Ia 4500
008
220217s9999||||xx |||||||||||||| ||und||
082
_a
004.68 LEO
100
_a
Leon, Alexis
_9
3618
245
0
_a
Internet for everyone
260
_a
Leon tech world
_b
New Delhi
_c
2004
300
_b
150
650
_a
WWW
999
_c
175066
_d
175066